00361nam a2200121 i 4500001000300000100001900003245004300022260001900065040000800084041000800092008004100100856009800141bg1 aWENTCEL, E. S. 0aIssledowanie operacij /cE.S. Wentcel. aMoskwa,c1972. cBPK apol s pl f |000 0 pol  uhttp://koha.tu.koszalin.pl/cgi-bin/koha/opac-detail.pl?biblionumber=15040yKatalog online BPK